000
00293nam a2200121Ia 4500
008
241002s9999 xx 000 0 und d
082
_a
808.81 MIL
100
_a
Milton, John
245
0
_a
Complete Poetry and Selected Prose
260
_a
New York:
_c
1950
600
_a
Literature
942
_c
UC
999
_c
18700
_d
18700